Something to someone / (Запис № 550491)

МАРК-запис
000 -LEADER
fixed length control field 01185cam a2200277Ia 4500
001 - CONTROL NUMBER
control field somethingtosomeo00java
003 - CONTROL NUMBER IDENTIFIER
control field CaSfIA
005 - DATE AND TIME OF LATEST TRANSACTION
control field 20210119083246.0
007 - PHYSICAL DESCRIPTION FIXED FIELD--GENERAL INFORMATION
fixed length control field cr||||
008 - FIXED-LENGTH DATA ELEMENTS--GENERAL INFORMATION
fixed length control field 860310s1984 flua 000 0 eng d
040 ## - CATALOGING SOURCE
Original cataloging agency ISO
Transcribing agency ISO
Modifying agency BUF
-- OCLCG
-- CaSfIA
020 ## - INTERNATIONAL STANDARD BOOK NUMBER
International Standard Book Number 0935906037 :
Terms of availability $4.95
020 ## - INTERNATIONAL STANDARD BOOK NUMBER
International Standard Book Number 9780935906035
035 ## - SYSTEM CONTROL NUMBER
System control number (OCoLC)13274610
050 #4 - LIBRARY OF CONGRESS CALL NUMBER
Classification number PS3560.A92
Item number S6 1984x
082 04 - DEWEY DECIMAL CLASSIFICATION NUMBER
Classification number 811.54
Item number J328s
100 0# - MAIN ENTRY--PERSONAL NAME
Personal name Javan,
Dates associated with a name 1946-
245 10 - TITLE STATEMENT
Title Something to someone /
Medium [electronic resource]
Statement of responsibility, etc Javan.
260 ## - PUBLICATION, DISTRIBUTION, ETC. (IMPRINT)
Place of publication, distribution, etc Daytona Beach, Fla. :
Name of publisher, distributor, etc Javan,
Date of publication, distribution, etc 1984.
300 ## - PHYSICAL DESCRIPTION
Extent [60] p. :
Other physical details ill. ;
Dimensions 21 cm.
506 ## - RESTRICTIONS ON ACCESS NOTE
Standardized terminology for access restriction Необхідна авторизація на https://archive.org/ (створення облікового запису безкоштовно)
506 ## - RESTRICTIONS ON ACCESS NOTE
Standardized terminology for access restriction Необхідна авторизація на https://openlibrary.org/ (створення облікового запису безкоштовно)
856 41 - ELECTRONIC LOCATION AND ACCESS
Uniform Resource Identifier <a href="http://www.archive.org/details/somethingtosomeo00java">http://www.archive.org/details/somethingtosomeo00java</a>
Public note Free eBook from the Internet Archive
856 42 - ELECTRONIC LOCATION AND ACCESS
Uniform Resource Identifier <a href="http://www.openlibrary.org/books/OL8412375M">http://www.openlibrary.org/books/OL8412375M</a>
Public note Additional information and access via Open Library
942 ## - ADDED ENTRY ELEMENTS (KOHA)
Koha item type ЕКнига

Немає доступних примірників.